| 000 | 00559 a2200181 4500 | ||
|---|---|---|---|
| 005 | 20240501152024.0 | ||
| 010 | _aENG-140255 | ||
| 020 |
_a9788195819959 _c550.00 |
||
| 035 | _aEN-123787 | ||
| 037 | _bDBAD | ||
| 082 | 1 | 4 | _a881 |
| 100 | 1 |
_aGupta, Jyotsna Agnihotri _965373 |
|
| 245 | 1 |
_aA Transparency Against the Sunlight/ _cBy Jyotsna Agnihotri Gupta |
|
| 260 |
_aKolkata _bWriters Workshop _c2023 |
||
| 270 |
_a162/42, Lake Gardens, _bCalcutta - 700 045 _cWest Bengal |
||
| 300 |
_a137p. _c22cm(Hb) |
||
| 942 |
_adpl _cEN _2ddc _h881 _mGUP |
||
| 999 |
_c202486 _d202486 |
||